| 000 | 00425nam a2200157Ia 4500 | ||
|---|---|---|---|
| 008 | 160316s1995 xxu||||| |||| 00| 0 eng d | ||
| 082 |
_a1.642500 _bMAT |
||
| 100 | _aMathews Martin | ||
| 245 | _aThe official guide to corel draw 6 for windows 95 | ||
| 250 | _a | ||
| 260 |
_aNew York _bOsborne _c1995 |
||
| 300 |
_a749p _b _c |
||
| 365 | _b250/- | ||
| 650 | _a1. Computer Programme - Corel Draw 6 | ||
| 700 |
_aMathews Corel _a |
||
| 999 |
_c11730 _d11730 |
||